[Event "MYA-ch 42nd"]
[Site "Yangon"]
[Date "2016.06.23"]
[Round "?"]
[White "Win, Tun"]
[Black "Khin, Ko"]
[Result "0-1"]
[WhiteElo "2228"]
[BlackElo "2167"]
[PlyCount "113"]
[EventDate "2016.06.20"]
[EventType "tourn"]
[EventRounds "15"]
[EventCountry "MYA"]
[SourceTitle "EXT 2018"]
[Source "ChessBase"]
[SourceDate "2017.10.13"]
[SourceVersion "1"]
[SourceVersionDate "2017.10.13"]
[SourceQuality "1"]

1. Nf3 Nf6 2. g3 g6 3. Bg2 d5 4. d4 Bg7 5. 0-0 0-0 6. c3 Bf5 7. Nh4 Bg4 8. h3 Bd7 9. Nd2 Nc6 10. f4 Rb8 11. a4 a5 12. g4 e6 13. Qe1 Ne7 14. Nhf3 Nc8 15. g5 Nh5 16. e3 Nd6 17. b3 Nf5 18. Ba3 Re8 19. Nh2 Bc6 20. Ng4 b5 21. axb5 Bxb5 22. Rf3 Bd3 23. Bc5 c6 24. Ra3 f6 25. h4 h6 26. gxh6 Nxh6 27. Nf2 Bf5 28. e4 Bg4 29. Nxg4 Nxg4 30. Rf1 f5 31. Nf3 dxe4 32. Ng5 Qc7 33. Nxe4 fxe4 34. Qxe4 Qd8 35. Qf3 Qxh4 36. Qh3 Qxh3 37. Bxh3 Ngf6 38. Bg2 Nd5 39. c4 Ndxf4 40. Bxc6 Red8 41. d5 exd5 42. cxd5 Nxd5 43. Rd1 Nb4 44. Rxd8+ Rxd8 45. Be4 Bd4+ 46. Bxd4 Rxd4 47. Bb7 Rd7 48. Be4 Ra7 49. Kf2 Kg7 50. Ra1 Nf6 51. Bf3 Nfd5 52. Rd1 Rf7 53. Kg3 Rf5 54. Be4 Re5 55. Bf3 Kf6 56. Ra1 Ne3 57. Re1 0-1

[Event "MYA-ch 42nd"]
[Site "Yangon"]
[Date "2016.06.21"]
[Round "?"]
[White "Khin, Ko"]
[Black "Htay, Min Lwin"]
[Result "1/2-1/2"]
[WhiteElo "2167"]
[BlackElo "2174"]
[PlyCount "120"]
[EventDate "2016.06.20"]
[EventType "tourn"]
[EventRounds "15"]
[EventCountry "MYA"]
[SourceTitle "EXT 2018"]
[Source "ChessBase"]
[SourceDate "2017.10.13"]
[SourceVersion "1"]
[SourceVersionDate "2017.10.13"]
[SourceQuality "1"]

1. d4 Nf6 2. c4 e6 3. Nf3 Bb4+ 4. Bd2 Bxd2+ 5. Qxd2 d5 6. Nc3 0-0 7. e3 b6 8. cxd5 exd5 9. Rc1 Re8 10. Bb5 c6 11. Be2 Bb7 12. 0-0 Nbd7 13. b4 Qe7 14. Qb2 Ne4 15. Nxe4 Qxe4 16. Rfd1 Qe7 17. Bd3 a5 18. b5 c5 19. Bf5 c4 20. a4 g6 21. Bxd7 Qxd7 22. Qa3 Qe7 23. Qxe7 Rxe7 24. Nd2 f5 25. Nf3 Rae8 26. Ne5 Rxe5 27. dxe5 Rxe5 28. Rc3 Kf7 29. f3 Kf6 30. Kf2 Re7 31. h4 Ke5 32. f4+ Kf6 33. g3 h5 34. Ke2 Ke6 35. Kd2 Kd6 36. Kc2 Kc5 37. Kb2 Kb4 38. Ra3 Rc7 39. Rd4 Bc8 40. Ra1 Be6 41. Kc2 Bf7 42. Kb2 Re7 43. Ra3 Re8 44. Rd1 Rd8 45. Rd4 Be8 46. Rc3 Rd7 47. Ra3 Bf7 48. Ra1 Re7 49. Ra3 Rc7 50. Ra1 Rc8 51. Ra3 Kc5 52. Rd1 Re8 53. Rd2 Re4 54. Rd1 Be8 55. Rd2 Re6 56. Rd1 Rd6 57. Kc3 Rd8 58. Ra2 Bf7 59. Rad2 Re8 60. Re2 Re7 1/2-1/2

[Event "MYA-ch 42nd"]
[Site "Yangon"]
[Date "2016.06.21"]
[Round "?"]
[White "Wint, Thu"]
[Black "Khin, Ko"]
[Result "1-0"]
[WhiteElo "2191"]
[BlackElo "2167"]
[PlyCount "79"]
[EventDate "2016.06.20"]
[EventType "tourn"]
[EventRounds "15"]
[EventCountry "MYA"]
[SourceTitle "EXT 2018"]
[Source "ChessBase"]
[SourceDate "2017.10.13"]
[SourceVersion "1"]
[SourceVersionDate "2017.10.13"]
[SourceQuality "1"]

1. d4 Nf6 2. c4 e6 3. Nf3 b6 4. Bg5 Bb7 5. e3 h6 6. Bh4 g5 7. Bg3 d6 8. h3 Bg7 9. Nc3 Nbd7 10. Be2 a6 11. Rc1 Qe7 12. a3 Ne4 13. Nxe4 Bxe4 14. Qa4 f5 15. 0-0 0-0 16. Qd1 Bb7 17. Bh2 Rad8 18. Qc2 e5 19. dxe5 dxe5 20. Rcd1 Be4 21. Qc1 f4 22. b4 c5 23. b5 a5 24. Rfe1 Qf6 25. exf4 gxf4 26. Nd2 Bb7 27. Bf3 Bxf3 28. Nxf3 Rfe8 29. Bxf4 exf4 30. Rxe8+ Rxe8 31. Rxd7 Re4 32. Qc2 Qe6 33. Rd8+ Kf7 34. Rd5 Bf6 35. Qd3 Be7 36. Kh2 Ke8 37. a4 Re2 38. Qh7 Rxf2 39. Qh8+ Kf7 40. Ne5+ 1-0

[Event "Yangon op"]
[Site "Yangon"]
[Date "2015.11.27"]
[Round "9"]
[White "Khin, Ko"]
[Black "Tint, Swe Win"]
[Result "1-0"]
[WhiteElo "2177"]
[BlackElo "1918"]
[PlyCount "34"]
[EventDate "2015.11.23"]
[EventType "swiss"]
[EventRounds "9"]
[EventCountry "MYA"]
[SourceTitle "CBM 169 Extra"]
[Source "ChessBase"]
[SourceDate "2015.12.18"]
[SourceVersion "1"]
[SourceVersionDate "2015.12.18"]
[SourceQuality "1"]

1. d4 d5 2. c4 e6 3. Nc3 c6 4. Nf3 Nd7 5. cxd5 exd5 6. Bf4 Ngf6 7. e3 Ne4 8. Nxe4 dxe4 9. Nd2 Nb6 10. Nxe4 Bb4+ 11. Nc3 Nd5 12. Rc1 Nxf4 13. exf4 Qd5 14. a3 Bxc3+ 15. Rxc3 0-0 16. f3 Bf5 17. Kf2 Rad8 1-0

[Event "Yangon op"]
[Site "Yangon"]
[Date "2015.11.24"]
[Round "4"]
[White "Schebler, Gerhard"]
[Black "Khin, Ko"]
[Result "1-0"]
[WhiteElo "2452"]
[BlackElo "2177"]
[PlyCount "109"]
[EventDate "2015.11.23"]
[EventType "swiss"]
[EventRounds "9"]
[EventCountry "MYA"]
[SourceTitle "CBM 169 Extra"]
[Source "ChessBase"]
[SourceDate "2015.12.18"]
[SourceVersion "1"]
[SourceVersionDate "2015.12.18"]
[SourceQuality "1"]

1. Nf3 Nf6 2. g3 b6 3. Bg2 Bb7 4. 0-0 c5 5. c4 g6 6. Nc3 Bg7 7. d4 cxd4 8. Qxd4 d6 9. Rd1 Nbd7 10. Be3 Rc8 11. Rac1 h6 12. b3 a6 13. Ne1 Bxg2 14. Nxg2 0-0 15. f3 Re8 16. Qd2 Kh7 17. Nf4 Qc7 18. Nfd5 Qb7 19. Nxf6+ Nxf6 20. a4 Nd7 21. Qa2 Rc6 22. Nd5 Ne5 23. Kf2 Rec8 24. h3 Re8 25. g4 a5 26. Nc3 Nd7 27. Nb5 Nc5 28. Qc2 Rcc8 29. h4 Kg8 30. Rd5 Na6 31. Qe4 Nb4 32. Rd4 Qb8 33. Rdd1 Na2 34. Rb1 Nb4 35. Kg2 Rcd8 36. Bf4 Qc8 37. Qe3 d5 38. Bxh6 dxc4 39. Bxg7 Kxg7 40. Rxd8 Qxd8 41. bxc4 e5 42. Rh1 Nc2 43. Qc3 Nd4 44. e3 Nc6 45. Kg3 Re7 46. h5 Rd7 47. Qc2 Rd3 48. hxg6 f5 49. Nd4 f4+ 50. Kg2 Nb4 51. Qxd3 Nxd3 52. Ne6+ Kf6 53. Nxd8 fxe3 54. Kf1 Nf4 55. Nc6 1-0

[Event "Yangon Zaw Win Lay Memorial"]
[Site "Yangon"]
[Date "2014.11.29"]
[Round "9"]
[White "Tin, Tun Zaw"]
[Black "Khin, Ko"]
[Result "1-0"]
[WhiteElo "1927"]
[BlackElo "2074"]
[PlyCount "95"]
[EventDate "2014.11.24"]
[EventType "swiss"]
[EventRounds "9"]
[EventCountry "MYA"]
[SourceTitle "EXT 2016"]
[Source "ChessBase"]
[SourceDate "2015.10.08"]
[SourceVersion "1"]
[SourceVersionDate "2015.10.08"]
[SourceQuality "1"]

1. Nf3 Nf6 2. g3 g6 3. Bg2 Bg7 4. 0-0 0-0 5. d3 d6 6. Nc3 Nc6 7. Bd2 e5 8. Qc1 Re8 9. Bh6 a6 10. h3 Nd4 11. Bxg7 Kxg7 12. Nd2 c6 13. e3 Ne6 14. Kh2 Ng8 15. Ne2 Qc7 16. b3 Ne7 17. Qb2 Kg8 18. Ne4 Kg7 19. f4 f5 20. fxe5 dxe5 21. Nd2 Nd8 22. e4 Kg8 23. Rae1 Nf7 24. exf5 gxf5 25. Ng1 Be6 26. Ngf3 Ng6 27. Re2 Rad8 28. Rfe1 b5 29. b4 a5 30. a3 axb4 31. axb4 Bd5 32. Qc3 Qd7 33. Qc5 Qd6 34. Qxd6 Rxd6 35. h4 h5 36. Bh3 Be6 37. Rf2 Ra8 38. Ng5 Nxg5 39. hxg5 Ra4 40. Bxf5 Bxf5 41. Rxf5 Rxb4 42. Ne4 Re6 43. Nf6+ Kh8 44. Nxh5 Rb2 45. Ra1 Rxc2+ 46. Kh3 Ne7 47. Ra8+ Kh7 48. Rf7+ 1-0